000 00305nam a22001337a 4500
008 171030b xxu||||| |||| 00| 0 eng d
020 _a0070050473
041 _aeng
080 _a33
100 _a58
101 _aBUS
245 _aTHE TREATMENT OF INDUSTRIAL WASTES
_cBESSELIEVRE,E.B
942 _2udc
_cBK
999 _c36593
_d36593